<?xml version="1.0" encoding="UTF-8"?>
<collection xmlns="http://www.loc.gov/MARC21/slim">
 <record>
  <leader>01671nam a2200217Ia 4500</leader>
  <controlfield tag="001">TDMU_21865</controlfield>
  <controlfield tag="008">210410s9999    xx            000 0 und d</controlfield>
  <datafield tag="082" ind1=" " ind2=" ">
   <subfield code="a">681.7630959745</subfield>
  </datafield>
  <datafield tag="090" ind1=" " ind2=" ">
   <subfield code="b">Đ450</subfield>
  </datafield>
  <datafield tag="100" ind1=" " ind2=" ">
   <subfield code="a">Đỗ, Duy Văn</subfield>
  </datafield>
  <datafield tag="245" ind1=" " ind2="0">
   <subfield code="a">Công nông ngư cụ và đồ gia dụng vùng sông nước Kiến Giang - Nhật Lệ</subfield>
  </datafield>
  <datafield tag="245" ind1=" " ind2="0">
   <subfield code="c">Đỗ Duy Văn</subfield>
  </datafield>
  <datafield tag="260" ind1=" " ind2=" ">
   <subfield code="a">H.</subfield>
  </datafield>
  <datafield tag="260" ind1=" " ind2=" ">
   <subfield code="b">Thời Đại</subfield>
  </datafield>
  <datafield tag="260" ind1=" " ind2=" ">
   <subfield code="c">2014</subfield>
  </datafield>
  <datafield tag="300" ind1=" " ind2=" ">
   <subfield code="a">302 tr.</subfield>
  </datafield>
  <datafield tag="520" ind1=" " ind2=" ">
   <subfield code="a">Khái quát về lịch sử vùng đất hai huyện Quảng Ninh - Lệ Thủy thuộc Quảng Bình, cộng đồng dân tộc, địa hình; phương tiện và các loại ông cụ (phương tiện, nông cụ, ngư cụ, lâm cụ, công cụ các nghề thủ công khác); đồ gia dụng phục vụ cuộc sống con người</subfield>
  </datafield>
  <datafield tag="650" ind1=" " ind2=" ">
   <subfield code="a">Dụng cụ</subfield>
   <subfield code="x">Công nông ngư cụ</subfield>
   <subfield code="z">Sông Kiến Giang - Nhật Lệ huyện Quảng Ninh - Lệ Thủy (Quảng Bình - Việt Nam); Công nông ngư cụ</subfield>
   <subfield code="z">Sông Kiến Giang - Nhật Lệ huyện Quảng Ninh - Lệ Thủy (Quảng Bình - Việt Nam); Sông Kiến Giang - Nhật Lệ huyện Quảng Ninh - Lệ Thủy (Quảng Bình - Việt Nam)</subfield>
   <subfield code="x">Công cụ</subfield>
   <subfield code="x">Nông - lâm - ngư cụ; Đồ gia dụng</subfield>
   <subfield code="z">Sông Kiến Giang - Nhật Lệ huyện Quảng Ninh - Lệ Thủy (Quảng Bình - Việt Nam)</subfield>
  </datafield>
  <datafield tag="700" ind1=" " ind2=" ">
   <subfield code="a">Hội Văn nghệ dân gian Việt Nam</subfield>
  </datafield>
  <datafield tag="856" ind1=" " ind2=" ">
   <subfield code="u">http://lrc.tdmu.edu.vn/opac/search/detail.asp?aID=2&amp;ID=21865</subfield>
  </datafield>
  <datafield tag="980" ind1=" " ind2=" ">
   <subfield code="a">Trung tâm Học liệu Trường Đại học Thủ Dầu Một</subfield>
  </datafield>
 </record>
</collection>
